000
00294nam a2200121Ia 4500
008
240624s9999 xx 000 0 und d
041
_a
eng
082
_a
823 MUR
100
_a
MURAD NADIA
245
_a
LAST GIRL MY STORY OF CAPTIVITY AND MY F
260
_c
2017
_a
London
_b
Virago
365
_c
RS
999
_c
31423
_d
31423